El Montseny gran centro turístico /
Descripción Física:
Il·lustracions
Colección:
San Jorge,
; núm. 14 (abril 1954), pàg 75-80
Otros Autores:
Dimas, Ramón
Idioma:
Español
MARC
| LEADER | 00000naa a2200000 a 4500 | ||
|---|---|---|---|
| 003 | Arxiu | ||
| 005 | 20260324181047.0 | ||
| 008 | 160829s1954 spcaxx s spa c | ||
| 040 | |a agdb | ||
| 100 | |a Peñaranda, Santiago |9 31065 | ||
| 245 | 3 | |a El Montseny gran centro turístico / |c por S. Peñaranda ; información gráfica: Ramón Dimas | |
| 300 | |b Il·lustracions | ||
| 490 | |a San Jorge, |v núm. 14 (abril 1954), pàg 75-80 | ||
| 590 | |a Fotografies de: Dimas, Ramon | ||
| 651 | 0 | |9 50902 |a Montseny (Catalunya : Massís) | |
| 651 | 0 | |9 54921 |a Montseny (Catalunya : Massís) |x Circuits turístics | |
| 700 | 1 | |9 54761 |a Dimas, Ramón |e fotografies | |
| 773 | |g Núm. 14 (abril 1954), pàg 75 - 80 |t San Jorge. | ||
| 901 | |a Arxiu | ||
| 942 | |n 1 |2 udc |c ART | ||
| 952 | |0 0 |1 0 |4 0 |6 REV509 |7 1 |9 64779 |a Arxiu |b Arxiu |d 2022-12-13 |l 0 |o Rev-509 |r 2022-12-13 00:00:00 |w 2022-12-13 |y ARXIU | ||
| 999 | |c 52201 |d 52201 | ||